Ordoliberalizmus a sociální tržní hospodářství

Obsahové vymedzenie a prínos moderného nemeckého ekonomického myslenia ordoliberalizmu. Konkurencia podľa ordoliberálov. Teoretické vysvetlenie hospodárskeho režimu. Zabezpečenie konkurenčného prostredia.

Guardado en:
Detalles Bibliográficos
Autor principal: Krabec, Tomáš
Formato: Capítulo de libro
Lenguaje:checo
Materias:
Etiquetas: Agregar Etiqueta
Sin Etiquetas, Sea el primero en etiquetar este registro!

MARC

LEADER 00000naa$a2200000$$$4500
001 0002975
005 20231002112751.4
041 0 |a cze 
044 |a CZ 
245 1 0 |a Ordoliberalizmus a sociální tržní hospodářství  |c aut. Tomáš Krabec 
520 |a Obsahové vymedzenie a prínos moderného nemeckého ekonomického myslenia ordoliberalizmu. Konkurencia podľa ordoliberálov. Teoretické vysvetlenie hospodárskeho režimu. Zabezpečenie konkurenčného prostredia. 
610 2 0 |a ordoliberalizmus 
610 2 0 |a Nemecko 
610 2 0 |a teórie ekonomické 
610 2 0 |a dejiny myslenia ekonomického 
610 2 0 |a konkurencia 
610 2 0 |a monopoly 
610 2 0 |a hospodárstvo trhové 
610 2 0 |a prostredie ekonomické 
100 1 |a Krabec, Tomáš